[Event "3FoglarVeterans_GM_B"]
[Site "?"]
[Date "2007.??.??"]
[Round "?"]
[White "Prokopp, Heinz (GER)"]
[Black "Teichmann, Cenek (CZE)"]
[Result "0-1"]
[WhiteElo "2427"]
[BlackElo "2425"]
[PlyCount "86"]
[EventDate "2007.??.??"]
[EventType "corr"]
[SourceDate "2007.05.17"]

1. e4 c5 2. Nf3 d6 3. d4 cxd4 4. Nxd4 Nf6 5. Nc3 a6 6. Bg5 e6 7. f4 Qb6 8. Nb3
Be7 9. Qf3 Nbd7 10. O-O-O Qc7 11. Bd3 b5 12. Rhe1 b4 13. Ne2 Bb7 14. Ned4 Nc5
15. Kb1 O-O 16. g4 Rac8 17. Qh3 Nxd3 18. cxd3 a5 19. Bxf6 Bxf6 20. g5 Bd8 21.
Rc1 Qd7 22. Rxc8 Bxc8 23. Nd2 d5 24. e5 Bb6 25. Qe3 Ba6 26. N2f3 Rc8 27. Qd2
Qa7 28. Nc2 Bb5 29. h4 Ba4 30. Rc1 g6 31. Nce1 Rxc1+ 32. Qxc1 Kg7 33. Ng2 Bb5
34. Qd2 Qa6 35. Nge1 a4 36. b3 Bc5 37. d4 Be7 38. Nh2 axb3 39. axb3 Bc4 40. Qc2
Qa3 41. bxc4 b3 42. Qb2 Qa5 43. Nhf3 dxc4 0-1

[Event "3FoglarVeterans_GM_B"]
[Site "?"]
[Date "2007.??.??"]
[Round "?"]
[White "Barreras Garcia, Alberto (VEN)"]
[Black "Szczepanski, Zbigniew (POL)"]
[Result "0-1"]
[WhiteElo "2417"]
[BlackElo "2471"]
[PlyCount "70"]
[EventDate "2007.??.??"]
[EventType "corr"]
[SourceDate "2007.05.17"]

1. e4 e6 2. d4 d5 3. Nc3 Nf6 4. Bg5 dxe4 5. Nxe4 Be7 6. Bxf6 gxf6 7. c4 e5 8.
d5 f5 9. Nc3 Na6 10. a3 e4 11. Qc2 Nc5 12. O-O-O O-O 13. Kb1 a5 14. Nge2 Ra6
15. Nd4 Bf6 16. f3 Bd7 17. Rg1 Bg7 18. Be2 Re8 19. g4 fxg4 20. fxg4 Rb6 21. g5
Qe7 22. Ka2 Qd6 23. Rg2 Qf4 24. Rf1 Qh4 25. Rd1 Be5 26. Ndb5 Bh3 27. Rgg1 c6
28. Nd4 Qf2 29. Qd2 a4 30. Rg3 Bxg3 31. hxg3 Qxg3 32. Rh1 Qg2 33. Rf1 e3 34.
Qc2 Ne4 35. c5 Nxc3+ 0-1

[Event "3FoglarVeterans_GM_B"]
[Site "?"]
[Date "2007.??.??"]
[Round "?"]
[White "Prokopp, Heinz (GER)"]
[Black "Barreras Garcia, Alberto (VEN)"]
[Result "1-0"]
[WhiteElo "2427"]
[BlackElo "2417"]
[PlyCount "93"]
[EventDate "2007.??.??"]
[EventType "corr"]
[SourceDate "2007.05.17"]

1. e4 g6 2. d4 Bg7 3. Nc3 d6 4. f4 Nf6 5. Nf3 O-O 6. Bd3 Na6 7. O-O c5 8. d5
Bg4 9. a3 Nc7 10. Qe1 e6 11. dxe6 fxe6 12. Qg3 Bxf3 13. Qxf3 Qe7 14. Bd2 Nd7
15. Qh3 a6 16. a4 d5 17. exd5 exd5 18. Rae1 Qd6 19. b3 Rae8 20. Rxe8 Rxe8 21.
Kh1 b6 22. Qf3 Qc6 23. Nd1 Rf8 24. Be2 Qd6 25. Ne3 Nf6 26. Bc1 Ne4 27. Nxd5 Ng5
28. Qd3 Qxd5 29. Qxd5+ Nxd5 30. Bc4 Nf7 31. Bxd5 Re8 32. Bc4 a5 33. g4 Bd4 34.
f5 Kg7 35. f6+ Kf8 36. g5 Nd6 37. Bd3 Be3 38. Kg2 Bxc1 39. Rxc1 c4 40. bxc4 Nb7
41. Kf3 Nc5 42. h4 Rd8 43. h5 Nxd3 44. cxd3 Rxd3+ 45. Ke4 Rg3 46. c5 bxc5 47.
Rxc5 1-0

[Event "3FoglarVeterans_GM_B"]
[Site "?"]
[Date "2007.??.??"]
[Round "?"]
[White "Isigkeit, Hans-Jurgen (GER)"]
[Black "Morais, Gustavo (POR)"]
[Result "1/2-1/2"]
[WhiteElo "2438"]
[BlackElo "2376"]
[PlyCount "55"]
[EventDate "2007.??.??"]
[EventType "corr"]
[SourceDate "2007.05.17"]

1. d4 Nf6 2. c4 e6 3. Nf3 b6 4. a3 Bb7 5. Nc3 Ne4 6. Nxe4 Bxe4 7. Nd2 Bg6 8. g3
Nc6 9. e3 e5 10. d5 Na5 11. b4 Nb7 12. Bb2 Bd6 13. Bh3 a5 14. O-O O-O 15. f4
Bd3 16. fxe5 Bxf1 17. Qxf1 Be7 18. Ne4 axb4 19. axb4 Rxa1 20. Bxa1 f6 21. Bf5
fxe5 22. Qh3 h6 23. Bxe5 Bxb4 24. Bxd7 Nc5 25. Nxc5 Bxc5 26. Be6+ Kh7 27. Bf5+
Kg8 28. Be6+ 1/2-1/2

[Event "3FoglarVeterans_GM_B"]
[Site "?"]
[Date "2007.??.??"]
[Round "?"]
[White "Rybak, Milan (CZE)"]
[Black "Lelenko, Alexej (SVK)"]
[Result "1/2-1/2"]
[WhiteElo "2445"]
[BlackElo "2455"]
[PlyCount "25"]
[EventDate "2007.??.??"]
[EventType "corr"]
[SourceDate "2007.05.17"]

1. e4 c5 2. c3 d5 3. exd5 Qxd5 4. d4 Nf6 5. Nf3 e6 6. Bd3 Be7 7. O-O O-O 8. c4
Qh5 9. Be2 Rd8 10. Ne5 Qh4 11. f4 Nc6 12. Nf3 Qh5 13. Ne5 1/2-1/2

[Event "3FoglarVeterans_GM_B"]
[Site "?"]
[Date "2007.??.??"]
[Round "?"]
[White "Teichmann, Cenek (CZE)"]
[Black "Morais, Gustavo (POR)"]
[Result "1-0"]
[WhiteElo "2425"]
[BlackElo "2376"]
[PlyCount "67"]
[EventDate "2007.??.??"]
[EventType "corr"]
[SourceDate "2007.05.17"]

1. e4 c5 2. Nf3 d6 3. d4 cxd4 4. Nxd4 Nf6 5. Nc3 g6 6. Be3 Bg7 7. f3 O-O 8. Qd2
Ng4 9. fxg4 Bxg4 10. Bc4 Nd7 11. O-O Ne5 12. Bb3 Bd7 13. Bh6 a5 14. Bxg7 Kxg7
15. a4 Qb6 16. Kh1 Rac8 17. Nd5 Qd8 18. Nf3 f6 19. Nf4 Nxf3 20. Rxf3 Rc5 21.
Nd5 Be6 22. Rf2 Bc8 23. Raf1 b5 24. axb5 Rxb5 25. Qd4 Rb8 26. Qc3 Bd7 27. Ra1
Ra8 28. Ba4 Rc8 29. Qd2 Bxa4 30. Rxa4 Rc5 31. b3 Rf7 32. h3 e6 33. Ne3 Qc7 34.
Rd4 1-0

[Event "3FoglarVeterans_GM_B"]
[Site "?"]
[Date "2007.??.??"]
[Round "?"]
[White "Teichmann, Cenek (CZE)"]
[Black "Rybak, Milan (CZE)"]
[Result "1/2-1/2"]
[WhiteElo "2425"]
[BlackElo "2445"]
[PlyCount "35"]
[EventDate "2007.??.??"]
[EventType "corr"]
[SourceDate "2007.05.17"]

1. e4 e5 2. Nf3 Nc6 3. Bb5 f5 4. Nc3 fxe4 5. Nxe4 Nf6 6. Nxf6+ Qxf6 7. Qe2 Be7
8. Bxc6 dxc6 9. Nxe5 Bf5 10. O-O O-O 11. d4 Rae8 12. f4 Bd6 13. Be3 Bxe5 14.
dxe5 Qg6 15. Rf2 Rd8 16. b3 h5 17. Rd1 h4 18. Bc5 1/2-1/2

[Event "3FoglarVeterans_GM_B"]
[Site "?"]
[Date "2007.??.??"]
[Round "?"]
[White "Isigkeit, Hans-Jurgen (GER)"]
[Black "Lelenko, Alexej (SVK)"]
[Result "1/2-1/2"]
[WhiteElo "2438"]
[BlackElo "2455"]
[PlyCount "38"]
[EventDate "2007.??.??"]
[EventType "corr"]
[SourceDate "2007.05.17"]

1. d4 Nf6 2. c4 e6 3. Nf3 b6 4. g3 Ba6 5. b3 Bb7 6. Bg2 Bb4+ 7. Bd2 a5 8. O-O
O-O 9. Qc2 Na6 10. Bf4 Be7 11. Nc3 d5 12. a3 Ne4 13. Rfd1 Nxc3 14. Qxc3 c5 15.
cxd5 exd5 16. Rac1 Re8 17. Qb2 Qd7 18. Ne5 Qe6 19. Nd3 g5 1/2-1/2

[Event "3FoglarVeterans_GM_B"]
[Site "?"]
[Date "2007.??.??"]
[Round "?"]
[White "Lelenko, Alexej (SVK)"]
[Black "Teichmann, Cenek (CZE)"]
[Result "1/2-1/2"]
[WhiteElo "2455"]
[BlackElo "2425"]
[PlyCount "53"]
[EventDate "2007.??.??"]
[EventType "corr"]
[SourceDate "2007.05.17"]

1. e4 c5 2. Nf3 d6 3. d4 cxd4 4. Nxd4 Nf6 5. Nc3 a6 6. Be3 e5 7. Nb3 Be6 8. f3
Be7 9. Qd2 O-O 10. O-O-O Nbd7 11. g4 b5 12. g5 b4 13. Ne2 Ne8 14. f4 a5 15. f5
a4 16. Nbd4 exd4 17. Nxd4 b3 18. Kb1 bxc2+ 19. Nxc2 Bb3 20. axb3 axb3 21. Na3
Ne5 22. h4 Ra4 23. Qg2 Qa8 24. f6 Bd8 25. Bd4 Nc7 26. fxg7 Kxg7 27. Bc3 1/2-1/2

[Event "3FoglarVeterans_GM_B"]
[Site "?"]
[Date "2007.??.??"]
[Round "?"]
[White "Barreras Garcia, Alberto (VEN)"]
[Black "Lelenko, Alexej (SVK)"]
[Result "1/2-1/2"]
[WhiteElo "2417"]
[BlackElo "2455"]
[PlyCount "60"]
[EventDate "2007.??.??"]
[EventType "corr"]
[SourceDate "2007.05.17"]

1. d4 Nf6 2. c4 e6 3. Nc3 Bb4 4. f3 d5 5. a3 Bxc3+ 6. bxc3 c5 7. cxd5 Nxd5 8.
dxc5 Qa5 9. e4 Ne7 10. Be3 O-O 11. Qb3 Qc7 12. Nh3 e5 13. Nf2 Nec6 14. Rb1 Na5
15. Qa4 Be6 16. Be2 Nd7 17. Rb5 b6 18. O-O Nb7 19. cxb6 axb6 20. Qb4 Nd6 21.
Bxb6 Qc6 22. Be3 Rfc8 23. Rc1 Bc4 24. Bxc4 Nxc4 25. Bg5 Rxa3 26. Rd1 h6 27.
Rbd5 Ra4 28. Qe7 Nf8 29. Bc1 Qb6 30. Rf1 Qb3 1/2-1/2

[Event "3FoglarVeterans_GM_B"]
[Site "?"]
[Date "2007.??.??"]
[Round "?"]
[White "Baranowski, Tadeusz (POL)"]
[Black "Szczepanski, Zbigniew (POL)"]
[Result "1/2-1/2"]
[WhiteElo "2488"]
[BlackElo "2471"]
[PlyCount "48"]
[EventDate "2007.??.??"]
[EventType "corr"]
[SourceDate "2007.05.17"]

1. e4 e6 2. d4 d5 3. Nc3 Nf6 4. e5 Nfd7 5. f4 c5 6. Nf3 Nc6 7. Be3 Qb6 8. Na4
Qa5+ 9. c3 cxd4 10. b4 Nxb4 11. cxb4 Bxb4+ 12. Bd2 Bxd2+ 13. Nxd2 O-O 14. Bd3
b5 15. Nb2 Nb6 16. Ke2 Nc4 17. Qc2 Qa3 18. Nd1 h6 19. Nf3 f6 20. Rf1 Ba6 21.
Rf2 Rac8 22. Qb3 Qe7 23. Rb1 g5 24. g3 gxf4 1/2-1/2

[Event "3FoglarVeterans_GM_B"]
[Site "?"]
[Date "2007.??.??"]
[Round "?"]
[White "Prokopp, Heinz (GER)"]
[Black "Isigkeit, Hans-Jurgen (GER)"]
[Result "1-0"]
[WhiteElo "2427"]
[BlackElo "2438"]
[PlyCount "153"]
[EventDate "2007.??.??"]
[EventType "corr"]
[SourceDate "2007.05.17"]

1. e4 c5 2. Nf3 e6 3. d4 cxd4 4. Nxd4 Nf6 5. Nc3 d6 6. Be3 a6 7. f3 b5 8. Qd2
Nbd7 9. g4 h6 10. O-O-O Bb7 11. h4 b4 12. Na4 Qa5 13. b3 Nc5 14. a3 Nxa4 15.
axb4 Qc7 16. bxa4 d5 17. e5 Nd7 18. f4 Nb6 19. Rh3 Nxa4 20. Bf2 Be7 21. f5 Rc8
22. Be1 exf5 23. gxf5 Qxe5 24. Ra3 Nb6 25. Bg3 Qf6 26. Re1 O-O 27. Be5 Qxh4 28.
f6 Bxf6 29. Nf3 Nc4 30. Bxc4 Bg5 31. Nxh4 Bxd2+ 32. Kxd2 dxc4 33. Bd4 Rcd8 34.
Kc3 Rd5 35. Re7 Bc8 36. Kxc4 Rg5 37. Nf3 Rg3 38. Rae3 Bg4 39. Ne1 Rxe3 40. Rxe3
h5 41. Nd3 h4 42. Kc3 Bf5 43. Re5 g6 44. Re2 h3 45. Bf6 Rc8+ 46. Kd4 Kh7 47.
Rf2 Rc6 48. Be5 f6 49. Bh2 Rc8 50. Nc5 Rd8+ 51. Kc4 Bc8 52. Ne4 Be6+ 53. Kc3
Rc8+ 54. Kb2 Kg7 55. Nxf6 Rc6 56. Ne8+ Kh6 57. Rf6 Kg5 58. Kc1 Bd7 59. Rxc6
Bxc6 60. Nc7 Kg4 61. Ne6 Kf3 62. Nf4 g5 63. Nxh3 Kg2 64. Nxg5 Kxh2 65. Kd2 Kg3
66. Ke3 Kg4 67. Ne6 Bg2 68. Kd4 Kf5 69. Nc7 Bf1 70. c4 Kf6 71. Nxa6 Ke6 72. b5
Kd6 73. Kc3 Be2 74. Kb4 Bf1 75. c5+ Kd7 76. Ka5 Be2 77. b6 1-0

[Event "3FoglarVeterans_GM_B"]
[Site "?"]
[Date "2007.??.??"]
[Round "?"]
[White "Jandek, Stefan (CZE)"]
[Black "Isigkeit, Hans-Jurgen (GER)"]
[Result "1-0"]
[WhiteElo "2439"]
[BlackElo "2438"]
[PlyCount "111"]
[EventDate "2007.??.??"]
[EventType "corr"]
[SourceDate "2007.05.17"]

1. e4 c5 2. Nf3 e6 3. d4 cxd4 4. Nxd4 Nf6 5. Nc3 d6 6. g4 h6 7. Bg2 a6 8. h3
Qc7 9. Be3 Nc6 10. f4 Na5 11. Qe2 e5 12. Nf5 g6 13. g5 hxg5 14. fxe5 dxe5 15.
Bxg5 Qb6 16. O-O-O gxf5 17. Na4 Qe6 18. exf5 Qxf5 19. h4 Be7 20. Nb6 Qe6 21.
Bxf6 Bxf6 22. Qf2 e4 23. Nxa8 O-O 24. Bxe4 Bg7 25. Rd4 Nc6 26. Bxc6 bxc6 27.
Rg1 Kh8 28. Qf4 Bh6 29. Rg5 Bxg5 30. hxg5 Qf5 31. Qg3 Kg7 32. Nb6 Be6 33. Rd1
Kg6 34. Qh2 Qxg5+ 35. Kb1 Rd8 36. Rg1 Bg4 37. Nc4 f6 38. Nd6 f5 39. Nc4 f4 40.
Ne5+ Qxe5 41. Rxg4+ Kf5 42. Rg1 Ke6 43. Qh7 Rf8 44. b3 f3 45. Rg6+ Rf6 46. Rg8
Qf5 47. Re8+ Kd5 48. Qe7 Re6 49. Rd8+ Ke5 50. Qc5+ Kf4 51. Rf8 Rf6 52. Qd4+ Kg5
53. Qg1+ Kf4 54. Qc1+ Kg3 55. Rg8+ Kf2 56. Rg1 1-0

[Event "3FoglarVeterans_GM_B"]
[Site "?"]
[Date "2007.??.??"]
[Round "?"]
[White "Teichmann, Cenek (CZE)"]
[Black "Baranowski, Tadeusz (POL)"]
[Result "1/2-1/2"]
[WhiteElo "2425"]
[BlackElo "2488"]
[PlyCount "34"]
[EventDate "2007.??.??"]
[EventType "corr"]
[SourceDate "2007.05.17"]

1. e4 e5 2. Nf3 Nf6 3. Nxe5 d6 4. Nf3 Nxe4 5. d4 Be7 6. Bd3 d5 7. O-O Nc6 8. c4
Nb4 9. Bc2 O-O 10. Bb3 dxc4 11. Bxc4 Bf5 12. a3 Nd6 13. Bb3 Nc6 14. h3 Bf6 15.
Nc3 Re8 16. Bf4 Be4 17. Nxe4 Rxe4 1/2-1/2

[Event "3FoglarVeterans_GM_B"]
[Site "?"]
[Date "2007.??.??"]
[Round "?"]
[White "Roos, Jacqueline (FRA)"]
[Black "Baranowski, Tadeusz (POL)"]
[Result "1/2-1/2"]
[WhiteElo "2388"]
[BlackElo "2488"]
[PlyCount "48"]
[EventDate "2007.??.??"]
[EventType "corr"]
[SourceDate "2007.05.17"]

1. e4 e5 2. Nf3 Nf6 3. Nxe5 d6 4. Nf3 Nxe4 5. d4 Be7 6. Bd3 d5 7. O-O Nc6 8. c4
Nb4 9. Be2 O-O 10. Nc3 Bf5 11. a3 Nxc3 12. bxc3 Nc6 13. Re1 Re8 14. Bf4 dxc4
15. Bxc4 Bd6 16. Rxe8+ Qxe8 17. Bxd6 cxd6 18. Ng5 Bg6 19. h4 Qe7 20. Qg4 h6 21.
Nf3 Qe4 22. Qxe4 Bxe4 23. Nd2 Bg6 24. Re1 Kf8 1/2-1/2

[Event "3FoglarVeterans_GM_B"]
[Site "?"]
[Date "2007.??.??"]
[Round "?"]
[White "Morais, Gustavo (POR)"]
[Black "Szczepanski, Zbigniew (POL)"]
[Result "0-1"]
[WhiteElo "2376"]
[BlackElo "2471"]
[PlyCount "112"]
[EventDate "2007.??.??"]
[EventType "corr"]
[SourceDate "2007.05.17"]

1. e4 e6 2. d4 d5 3. Nc3 Nf6 4. e5 Nfd7 5. f4 c5 6. Nf3 Nc6 7. Be3 a6 8. Qd2 b5
9. Be2 Qb6 10. Nd1 Be7 11. O-O O-O 12. c3 b4 13. Nf2 a5 14. Rac1 c4 15. Bxc4
bxc3 16. bxc3 dxc4 17. d5 Qb5 18. dxc6 Qxc6 19. Nd4 Qa6 20. Rb1 Nc5 21. Nb5 Nb3
22. Qe2 Qxb5 23. Rxb3 Qd5 24. Rd1 Qxd1+ 25. Qxd1 cxb3 26. Qxb3 a4 27. Qc2 Ba6
28. c4 Rfc8 29. c5 Bb7 30. h3 Rab8 31. Qxa4 Bxc5 32. Bxc5 Rxc5 33. Ng4 Rc1+ 34.
Kh2 Ra8 35. Qb4 Bd5 36. Ne3 Bxa2 37. Qe4 Rac8 38. Qb7 Bb1 39. h4 h5 40. Qd7
R1c6 41. Nf1 Be4 42. Ng3 Bg6 43. Ne2 R6c7 44. Qd6 Kh7 45. Ng1 Be4 46. Nf3 Bd5
47. Kg3 g6 48. Qb4 Rb7 49. Qa3 Kg7 50. Qd6 Ra8 51. Qc5 Ra4 52. Qd6 Rbb4 53. f5
Rg4+ 54. Kf2 gxf5 55. Qe7 Ra8 56. Qf6+ Kg8 0-1

[Event "3FoglarVeterans_GM_B"]
[Site "?"]
[Date "2007.??.??"]
[Round "?"]
[White "Isigkeit, Hans-Jurgen (GER)"]
[Black "Baranowski, Tadeusz (POL)"]
[Result "1/2-1/2"]
[WhiteElo "2438"]
[BlackElo "2488"]
[PlyCount "43"]
[EventDate "2007.??.??"]
[EventType "corr"]
[SourceDate "2007.05.17"]

1. d4 Nf6 2. c4 e6 3. Nf3 b6 4. g3 Bb4+ 5. Bd2 Bxd2+ 6. Qxd2 Ba6 7. b3 d5 8.
cxd5 exd5 9. Bg2 Ne4 10. Qc2 O-O 11. O-O Nd7 12. Re1 c5 13. Nc3 Ndf6 14. Rad1
Rc8 15. Qb2 Nxc3 16. Qxc3 Ne4 17. Qb2 Qf6 18. e3 Rc7 19. Rc1 Rfc8 20. Ne5 Qe7
21. dxc5 Rxc5 22. Nf3 1/2-1/2

[Event "3FoglarVeterans_GM_B"]
[Site "?"]
[Date "2007.??.??"]
[Round "?"]
[White "Rybak, Milan (CZE)"]
[Black "Morais, Gustavo (POR)"]
[Result "1-0"]
[WhiteElo "2445"]
[BlackElo "2376"]
[PlyCount "39"]
[EventDate "2007.??.??"]
[EventType "corr"]
[SourceDate "2007.05.17"]

1. e4 c5 2. c3 d5 3. exd5 Qxd5 4. d4 Nc6 5. Nf3 Bg4 6. Be2 cxd4 7. cxd4 e6 8.
Nc3 Qa5 9. d5 O-O-O 10. O-O exd5 11. Bd2 d4 12. Nb5 Qb6 13. Nfxd4 Bxe2 14. Qxe2
Rxd4 15. Nxd4 Qxd4 16. Bc3 Qh4 17. Rad1 Nge7 18. b4 a6 19. b5 Qf4 20. bxc6 1-0

[Event "3FoglarVeterans_GM_B"]
[Site "?"]
[Date "2007.??.??"]
[Round "?"]
[White "Rybak, Milan (CZE)"]
[Black "Borroni, Enrico (ITA)"]
[Result "1/2-1/2"]
[WhiteElo "2445"]
[BlackElo "2393"]
[PlyCount "36"]
[EventDate "2007.??.??"]
[EventType "corr"]
[SourceDate "2007.05.17"]

1. e4 c6 2. d4 d5 3. Nd2 dxe4 4. Nxe4 Bf5 5. Ng3 Bg6 6. Nf3 Nd7 7. h4 h6 8. h5
Bh7 9. Bd3 Bxd3 10. Qxd3 e6 11. Bf4 Ngf6 12. O-O-O Be7 13. Ne5 O-O 14. c4 Qa5
15. Kb1 Rad8 16. Qe2 Rfe8 17. Ne4 Nxe4 18. Qxe4 Nxe5 1/2-1/2

[Event "3FoglarVeterans_GM_B"]
[Site "?"]
[Date "2007.??.??"]
[Round "?"]
[White "Barreras Garcia, Alberto (VEN)"]
[Black "Roos, Jacqueline (FRA)"]
[Result "1/2-1/2"]
[WhiteElo "2417"]
[BlackElo "2388"]
[PlyCount "81"]
[EventDate "2007.??.??"]
[EventType "corr"]
[SourceDate "2007.05.17"]

1. d4 Nf6 2. c4 e6 3. Nc3 Bb4 4. f3 d5 5. a3 Bxc3+ 6. bxc3 c5 7. cxd5 Nxd5 8.
dxc5 Qa5 9. e4 Nf6 10. Be3 O-O 11. Qb3 Nfd7 12. a4 Qc7 13. Qa3 b6 14. a5 bxc5
15. a6 c4 16. Qa5 Qxa5 17. Rxa5 Bxa6 18. Nh3 Bb7 19. Nf2 Nc6 20. Ra3 a5 21.
Bxc4 Nde5 22. Be2 Ba6 23. Bxa6 Rxa6 24. Ra4 Rb8 25. f4 Ng4 26. Bc1 Nxf2 27.
Kxf2 Rb3 28. Bd2 f6 29. h4 e5 30. f5 Rb2 31. Rd1 Kf7 32. Kf3 Rb3 33. Be1 Ke7
34. Ke2 Rb2+ 35. Rd2 Rab6 36. Ra2 Rxa2 37. Rxa2 Kd6 38. Kd3 Ra6 39. Bf2 Nd8 40.
Kc4 Rc6+ 41. Kb3 1/2-1/2

[Event "3FoglarVeterans_GM_B"]
[Site "?"]
[Date "2007.??.??"]
[Round "?"]
[White "Roos, Jacqueline (FRA)"]
[Black "Teichmann, Cenek (CZE)"]
[Result "1/2-1/2"]
[WhiteElo "2388"]
[BlackElo "2425"]
[PlyCount "56"]
[EventDate "2007.??.??"]
[EventType "corr"]
[SourceDate "2007.05.17"]

1. e4 c5 2. Nf3 d6 3. d4 cxd4 4. Nxd4 Nf6 5. Nc3 a6 6. Be3 e5 7. Nf3 Be7 8. Bc4
O-O 9. O-O Nc6 10. Qe2 Na5 11. Bd3 Be6 12. Na4 Nd7 13. c4 Rc8 14. b3 Nc6 15.
Rfd1 Bg4 16. Qd2 Bxf3 17. gxf3 Nd4 18. Kg2 Nc5 19. Nc3 Nce6 20. Rg1 Bg5 21. Nd5
Kh8 22. Qb2 f5 23. exf5 Nxf5 24. Kh1 Nfd4 25. Rg3 Rxf3 26. Bxd4 Nxd4 27. Rxf3
Nxf3 28. Qe2 Qf8 1/2-1/2

[Event "3FoglarVeterans_GM_B"]
[Site "?"]
[Date "2007.??.??"]
[Round "?"]
[White "Rufenacht, Matthias (SUI)"]
[Black "Szczepanski, Zbigniew (POL)"]
[Result "1/2-1/2"]
[WhiteElo "2390"]
[BlackElo "2471"]
[PlyCount "33"]
[EventDate "2007.??.??"]
[EventType "corr"]
[SourceDate "2007.05.17"]

1. e4 e6 2. d4 d5 3. Nc3 Nf6 4. Bg5 dxe4 5. Nxe4 Be7 6. Bxf6 gxf6 7. Bc4 f5 8.
Ng3 Qd6 9. c3 Nc6 10. Nf3 Bd7 11. Qe2 O-O-O 12. O-O-O Qf4+ 13. Kb1 Qg4 14. Rhe1
Rhe8 15. Qf1 a6 16. Ka1 Bd6 17. d5 1/2-1/2

[Event "3FoglarVeterans_GM_B"]
[Site "?"]
[Date "2007.??.??"]
[Round "?"]
[White "Jandek, Stefan (CZE)"]
[Black "Rybak, Milan (CZE)"]
[Result "1/2-1/2"]
[WhiteElo "2439"]
[BlackElo "2445"]
[PlyCount "44"]
[EventDate "2007.??.??"]
[EventType "corr"]
[SourceDate "2007.05.17"]

1. e4 e5 2. Nf3 Nc6 3. Bb5 f5 4. Nc3 fxe4 5. Nxe4 Nf6 6. Nxf6+ Qxf6 7. O-O Be7
8. Qe2 O-O 9. Bxc6 dxc6 10. Nxe5 Bf5 11. d4 Rae8 12. f4 Bd6 13. Be3 Bxe5 14.
dxe5 Qg6 15. Rf2 h5 16. Kh1 Rd8 17. h3 Rd5 18. Rc1 Rfd8 19. Qe1 R8d7 20. Re2 b6
21. b4 Be6 22. a3 a5 1/2-1/2

[Event "3FoglarVeterans_GM_B"]
[Site "?"]
[Date "2007.??.??"]
[Round "?"]
[White "Rufenacht, Matthias (SUI)"]
[Black "Jandek, Stefan (CZE)"]
[Result "1/2-1/2"]
[WhiteElo "2390"]
[BlackElo "2439"]
[PlyCount "44"]
[EventDate "2007.??.??"]
[EventType "corr"]
[SourceDate "2007.05.17"]

1. e4 e6 2. d4 d5 3. Nc3 Nf6 4. Bg5 dxe4 5. Nxe4 Be7 6. Bxf6 Bxf6 7. Nf3 O-O 8.
Qd2 Nd7 9. O-O-O b6 10. Qf4 Bb7 11. Ne5 Be7 12. Bb5 Nf6 13. Nc6 Qd7 14. Nxe7+
Qxe7 15. Nxf6+ Qxf6 16. Qxf6 gxf6 17. Rhe1 Rfd8 18. Re3 Rd5 19. Bd3 Rh5 20. h3
Rd8 21. g4 Rh4 22. Be2 Kf8 1/2-1/2

[Event "3FoglarVeterans_GM_B"]
[Site "?"]
[Date "2007.??.??"]
[Round "?"]
[White "Borroni, Enrico (ITA)"]
[Black "Kurylo, Ryszard (LTU)"]
[Result "1/2-1/2"]
[WhiteElo "2393"]
[BlackElo "2394"]
[PlyCount "59"]
[EventDate "2007.??.??"]
[EventType "corr"]
[SourceDate "2007.05.17"]

1. d4 Nf6 2. c4 e6 3. Nf3 b6 4. a3 Bb7 5. Nc3 d5 6. cxd5 exd5 7. g3 c5 8. Bg2
Be7 9. O-O O-O 10. Bf4 Nc6 11. dxc5 bxc5 12. Ne5 Na5 13. Qa4 d4 14. b4 Bxg2 15.
Kxg2 cxb4 16. axb4 dxc3 17. bxa5 Qd5+ 18. Nf3 Rac8 19. Rfd1 Qe4 20. Qxe4 Nxe4
21. Rdc1 g5 22. Be3 a6 23. Ra4 f5 24. Rc2 h6 25. h4 Kh7 26. g4 fxg4 27. Nxg5+
Nxg5 28. hxg5 hxg5 29. Rxg4 Rf5 30. Bd4 1/2-1/2

[Event "3FoglarVeterans_GM_B"]
[Site "?"]
[Date "2007.??.??"]
[Round "?"]
[White "Schuster, Juri (EST)"]
[Black "Morais, Gustavo (POR)"]
[Result "1/2-1/2"]
[WhiteElo "2440"]
[BlackElo "2376"]
[PlyCount "63"]
[EventDate "2007.??.??"]
[EventType "corr"]
[SourceDate "2007.05.17"]

1. e4 e5 2. Nf3 Nc6 3. Bb5 a6 4. Ba4 Nf6 5. O-O Bc5 6. c3 b5 7. Bc2 d5 8. d4
dxe4 9. Nxe5 Nxe5 10. dxe5 Qxd1 11. Rxd1 Ng4 12. Bxe4 Rb8 13. Bc6+ Ke7 14. Bg5+
Ke6 15. Bh4 Nxe5 16. Bd5+ Kf5 17. Bxf7 Bxf2+ 18. Bxf2 Nxf7 19. Nd2 Nd6 20. Re1
Re8 21. Rxe8 Nxe8 22. Re1 Be6 23. Nf3 Bxa2 24. b3 a5 25. Ra1 Bxb3 26. Nd4+ Ke4
27. Nxb3 a4 28. Nd4 Kd3 29. Rd1+ Kc4 30. Nc6 Ra8 31. Rd4+ Kxc3 32. Be1+ 1/2-1/2

[Event "3FoglarVeterans_GM_B"]
[Site "?"]
[Date "2007.??.??"]
[Round "?"]
[White "Morais, Gustavo (POR)"]
[Black "Roos, Jacqueline (FRA)"]
[Result "1/2-1/2"]
[WhiteElo "2376"]
[BlackElo "2388"]
[PlyCount "81"]
[EventDate "2007.??.??"]
[EventType "corr"]
[SourceDate "2007.05.17"]

1. e4 e5 2. Nf3 Nc6 3. Bb5 a6 4. Ba4 Nf6 5. O-O Be7 6. Re1 b5 7. Bb3 O-O 8. Nc3
d6 9. Nd5 Bg4 10. c3 Na5 11. Nxe7+ Qxe7 12. Bc2 c5 13. h3 Bh5 14. d3 Nd7 15.
Qe2 h6 16. Kh2 Rab8 17. g4 Bg6 18. g5 h5 19. Nh4 b4 20. f4 exf4 21. Bxf4 bxc3
22. bxc3 Qe6 23. Rab1 Rfc8 24. Nxg6 fxg6 25. Rf1 Kh7 26. Rxb8 Rxb8 27. Bd1 Re8
28. Qc2 Ne5 29. d4 Nec4 30. Bf3 Rb8 31. Bc1 Nc6 32. Qd3 cxd4 33. cxd4 N4a5 34.
d5 Qe5+ 35. Kh1 Nb4 36. Qa3 Nc4 37. Qb3 Qd4 38. a3 Nc6 39. Qd1 Qxd1 40. Bxd1
Nd4 41. a4 1/2-1/2

[Event "3FoglarVeterans_GM_B"]
[Site "?"]
[Date "2007.??.??"]
[Round "?"]
[White "Lelenko, Alexej (SVK)"]
[Black "Kurylo, Ryszard (LTU)"]
[Result "1/2-1/2"]
[WhiteElo "2455"]
[BlackElo "2394"]
[PlyCount "39"]
[EventDate "2007.??.??"]
[EventType "corr"]
[SourceDate "2007.05.17"]

1. e4 e5 2. Nf3 Nc6 3. Bb5 a6 4. Ba4 Nf6 5. O-O Be7 6. Re1 b5 7. Bb3 O-O 8. h3
Bb7 9. d3 Re8 10. Ng5 d5 11. exd5 Nd4 12. c4 Nxb3 13. Qxb3 Nxd5 14. Nxf7 Kxf7
15. cxd5 Qxd5 16. Qxd5+ Bxd5 17. Nc3 Bb7 18. Rxe5 Rad8 19. Bg5 Bxg5 20. Rxg5
1/2-1/2

[Event "3FoglarVeterans_GM_B"]
[Site "?"]
[Date "2007.??.??"]
[Round "?"]
[White "Rybak, Milan (CZE)"]
[Black "Baranowski, Tadeusz (POL)"]
[Result "1/2-1/2"]
[WhiteElo "2445"]
[BlackElo "2488"]
[PlyCount "42"]
[EventDate "2007.??.??"]
[EventType "corr"]
[SourceDate "2007.05.17"]

1. e4 e5 2. Nf3 Nc6 3. Bc4 Bc5 4. c3 Nf6 5. d3 d6 6. O-O O-O 7. Nbd2 a6 8. Bb3
Ba7 9. Nc4 h6 10. a4 Be6 11. a5 Re8 12. Re1 d5 13. exd5 Qxd5 14. Be3 Bxe3 15.
Rxe3 Rad8 16. h3 e4 17. Ncd2 Qb5 18. dxe4 Bxb3 19. Qxb3 Qxb3 20. Nxb3 Nxe4 21.
Rae1 Nd6 1/2-1/2

[Event "3FoglarVeterans_GM_B"]
[Site "?"]
[Date "2007.??.??"]
[Round "?"]
[White "Prokopp, Heinz (GER)"]
[Black "Rybak, Milan (CZE)"]
[Result "1/2-1/2"]
[WhiteElo "2427"]
[BlackElo "2445"]
[PlyCount "63"]
[EventDate "2007.??.??"]
[EventType "corr"]
[SourceDate "2007.05.17"]

1. e4 e5 2. Nf3 Nc6 3. Bb5 f5 4. d3 fxe4 5. dxe4 Nf6 6. O-O Bc5 7. Qe2 d6 8.
Qc4 Qe7 9. Nc3 Bd7 10. Nd5 Nxd5 11. exd5 Nd4 12. Bxd7+ Kxd7 13. Nxd4 Bxd4 14.
c3 Bb6 15. a4 a5 16. Qg4+ Ke8 17. Qe4 Kf7 18. Be3 Bxe3 19. fxe3+ Kg8 20. Rf3 g6
21. Raf1 Kg7 22. Rf7+ Qxf7 23. Rxf7+ Kxf7 24. Qc4 Rac8 25. Qb5 b6 26. b4 axb4
27. Qd7+ Kf6 28. cxb4 h5 29. h4 Rhd8 30. Qe6+ Kg7 31. Qe7+ Kh6 32. Qg5+ 1/2-1/2